Online
Catalog

Origen y evolución del béisbol / (Record no. 59640)

MARC details
000 -CABECERA
campo de control de longitud fija 01395nam a2200313 i 4500
003 - IDENTIFICADOR DEL NÚMERO DE CONTROL
campo de control DO-SdBNP
005 - FECHA Y HORA DE LA ÚLTIMA TRANSACCIÓN
campo de control 20250730113837.0
007 - CAMPO FIJO DE DESCRIPCIÓN FÍSICA--INFORMACIÓN GENERAL
campo de control de longitud fija ta
008 - DATOS DE LONGITUD FIJA--INFORMACIÓN GENERAL
campo de control de longitud fija 250725b2013 dr ao||| |||| 00| 0 spa d
020 ## - NÚMERO INTERNACIONAL ESTÁNDAR DEL LIBRO
Número Internacional Estándar del Libro 9789945475722
040 ## - FUENTE DE LA CATALOGACIÓN
Centro catalogador/agencia de origen DO-SdBNP
Lengua de catalogación spa
Centro/agencia transcriptor BNPHU
Normas de descripción rda
041 ## - CÓDIGO DE LENGUA
Código de lengua del texto/banda sonora o título independiente spa
082 #4 - NÚMERO DE LA CLASIFICACIÓN DECIMAL DEWEY
Número de clasificación xxx
Número de documento/Ítem C843ó
Número de edición 22
100 ## - ENTRADA PRINCIPAL--NOMBRE DE PERSONA
Nombre de persona Cotes Guzmán, Miguel Antonio,
Fechas asociadas al nombre 1950-
Término indicativo de función/relación autor
Código de función/relación aut.
9 (RLIN) 32491
245 10 - MENCIÓN DE TÍTULO
Título Origen y evolución del béisbol /
Mención de responsabilidad, etc. Miguel Cotes ; director, León Félix Batista ; edición, Amado Santana ; revisor, Alfonzo Trinidad...[y otros 7].
264 #4 - PRODUCCIÓN, PUBLICACIÓN, DISTRIBUCIÓN, FABRICACIÓN Y COPYRIGHT
Producción, publicación, distribución, fabricación y copyright Santo Domingo, República Dominicana :
Nombre del de productor, editor, distribuidor, fabricante Ediciones Rumbo Este,
Fecha de producción, publicación, distribución, fabricación o copyright ©2013.
300 ## - DESCRIPCIÓN FÍSICA
Extensión 164 páginas ;
Dimensiones 23 cm.
336 ## - TIPO DE CONTENIDO
Término de tipo de contenido texto
Código de tipo de contenido txt
Fuente rdacontent
337 ## - TIPO DE MEDIO
Nombre/término del tipo de medio sin mediación
Código del tipo de medio n
Fuente rdamedia
338 ## - TIPO DE SOPORTE
Nombre/término del tipo de soporte volumen
Código del tipo de soporte nc
Fuente rdacarrier
500 ## - NOTA GENERAL
Nota general Incluye datos biográficos del autor en las solapas.
505 ## - NOTA DE CONTENIDO CON FORMATO
Nota de contenido con formato Agradecimientos, 13 -- Preludio. Historia y evolución, 15 -- El beisbol. Presentación, 19 --Historia del beisbol (Origen y Evolución), 25 -- Origen, 29 -- La liga nacional, 37 -- Las grandes ligas, 61 -- Casos y cosas, 119 -- Frases célebres del béisbol, 151
590 ## - NOTA LOCAL (RLIN)
Nota local Inventariado, 2025 /LP
700 1# - PUNTO DE ACCESO ADICIONAL--NOMBRE DE PERSONA
Nombre de persona Batista, León Félix,
Término indicativo de función/relación director
Código de función/relación di.
9 (RLIN) 85110
700 1# - PUNTO DE ACCESO ADICIONAL--NOMBRE DE PERSONA
Nombre de persona Santana, Amado,
Término indicativo de función/relación editor
Código de función/relación ed.
9 (RLIN) 7207
700 1# - PUNTO DE ACCESO ADICIONAL--NOMBRE DE PERSONA
Nombre de persona Trinidad, Alfonzo,
Término indicativo de función/relación revisor
Código de función/relación re.
9 (RLIN) 88452
910 ## - DATOS DE OPCIÓN DEL USUARIO (OCLC)
Datos de opción del usuario LP
942 ## - ELEMENTOS DE PUNTO DE ACCESO ADICIONAL (KOHA)
Fuente del sistema de clasificación o colocación Dewey Decimal Classification
Tipo de ítem Koha Libro
Holdings
Estado de retiro Estado de pérdida Fuente del sistema de clasificación o colocación Restricciones de uso No para préstamo Código de colección Localización permanente Ubicación/localización actual Ubicación en estantería Fecha de adquisición Total de préstamos Signatura topográfica completa Código de barras Fecha visto por última vez Precio válido a partir de Tipo de ítem Koha
    Dewey Decimal Classification Excluido de préstamo   Patrimonio Dominicano Biblioteca Nacional Pedro Henríquez Ureña Biblioteca Nacional Pedro Henríquez Ureña Depósito 25.07.2025   xxx C843ó 2025-7361 25.07.2025 25.07.2025 Libro

Powered by Koha